Creative mathematics.
Shranjeno v:
| Glavni avtor: | |
|---|---|
| Format: | Knjiga |
| Jezik: | English |
| Izdano: |
Austin, University of Texas Press
1963
|
| Teme: | |
| Oznake: |
Označite
Brez oznak, prvi označite!
|
MARC
| LEADER | 00000nam a2200000Ia 4500 | ||
|---|---|---|---|
| 003 | 001094 | ||
| 005 | 20221231143958.0 | ||
| 008 | 140114s1963 us a 000 ||eng d | ||
| 040 | |c cru CEDI | ||
| 082 | |a 515 W224c | ||
| 100 | |a Wall, H. S, 1902-1971. |9 20935 | ||
| 245 | |a Creative mathematics. | ||
| 260 | |a Austin, University of Texas Press |c 1963 | ||
| 300 | |a 189 páginas, ilustraciones. 23 cm. | ||
| 650 | |x ANALISIS MATEMATICO |x NUMEROS REALES |9 20936 | ||
| 942 | |2 ddc |c MP | ||
| 999 | |c 15103 |d 15103 | ||
